00298nam a2200121Ia 4500008004100000100002100041245003500062260003700097300000800134650001000142942000700152999001700159190216s9999||||xx |||||||||||||| ||und|| aAlka Mukopadhyay 0aHindi-Nadak Ka Anthima Drishya bNew Age International Publishers a112 aHindi cBK c15907d15907